[Event "75th Tata Steel GpC"]
[Site "Wijk aan Zee NED"]
[Date "2013.01.15"]
[Round "4"]
[White "Goryachkina,A"]
[Black "Burg,T"]
[Result "1/2-1/2"]
[WhiteElo "2402"]
[BlackElo "2492"]
[EventDate "2013.01.12"]

1. d4 Nf6 2. c4 e6 3. Nf3 Bb4+ 4. Nbd2 d5 5. a3 Be7 6. e3 b6 7. Bd3 Bb7 8.
b3 Nbd7 9. Bb2 Ne4 10. O-O f5 11. Qc2 O-O 12. b4 Rf6 13. c5 c6 14. Ne5 Nxe5
15. dxe5 Rh6 16. Nb3 Qe8 17. Qe2 bxc5 18. bxc5 Nxc5 19. Nxc5 Bxc5 20. Bd4
Be7 21. Rfc1 g5 22. h3 Rh4 23. Rab1 Bc8 24. Bc5 Bd8 25. Qc2 g4 26. Rb4 a5
27. Ra4 gxh3 28. Rxh4 Bxh4 29. gxh3 Bd7 30. Kh2 Kh8 31. Rg1 Qf7 32. Qb2 Rg8
33. Rxg8+ Kxg8 34. Kg2 Be7 35. Bxe7 Qxe7 36. Qb8+ Be8 37. Qa8 Kf8 38. Qxa5
Qg7+ 39. Kf1 Qxe5 40. Qc5+ Kg8 41. a4 Qa1+ 42. Kg2 Qxa4 43. Qe7 Bf7 44.
Qd8+ Kg7 45. Qg5+ Bg6 46. Qe7+ Bf7 47. Qg5+ Bg6 48. Qe7+ Bf7 1/2-1/2

[Event "75th Tata Steel GpC"]
[Site "Wijk aan Zee NED"]
[Date "2013.01.17"]
[Round "5"]
[White "Mekhitarian,K"]
[Black "Kovchan,A"]
[Result "1/2-1/2"]
[WhiteElo "2543"]
[BlackElo "2579"]
[EventDate "2013.01.12"]

1. e4 c5 2. Nf3 d6 3. d4 cxd4 4. Nxd4 Nf6 5. Nc3 a6 6. Be3 e5 7. Nb3 Be6 8.
f3 h5 9. Nd5 Bxd5 10. exd5 Nbd7 11. Qd2 Qc7 12. c4 a5 13. Rc1 a4 14. Na1 e4
15. Nc2 exf3 16. gxf3 Ne5 17. Nd4 Be7 18. Be2 O-O 19. O-O Rfe8 20. Kh1 Bf8
21. Rg1 Qa5 22. Qxa5 Rxa5 23. Bg5 Nfd7 24. Bd2 Raa8 25. f4 Ng4 26. Bxg4
hxg4 27. Rxg4 Re4 28. Nf5 g6 29. Rg2 Rc8 30. b3 axb3 31. axb3 b5 32. Ng3
Rd4 33. f5 bxc4 34. fxg6 fxg6 35. bxc4 Rcxc4 36. Ne2 Rxc1+ 37. Bxc1 Rd1+
38. Rg1 Rxg1+ 39. Kxg1 Kf7 40. Nc3 Bg7 41. Nb5 Be5 42. Kg2 Nb6 43. Nc7 Kf6
44. h3 Kf5 45. Kf3 Bh2 46. Ba3 Nc4 47. Bb4 Bf4 48. Nb5 Be5 49. Be1 Nb6 50.
Bb4 Nxd5 51. Bxd6 Nf6 52. Be7 Nd5 1/2-1/2

[Event "75th Tata Steel GpC"]
[Site "Wijk aan Zee NED"]
[Date "2013.01.17"]
[Round "5"]
[White "Burg,T"]
[Black "Romanishin,O"]
[Result "1-0"]
[WhiteElo "2492"]
[BlackElo "2521"]
[EventDate "2013.01.12"]

1. e4 e5 2. Nf3 Nc6 3. d4 exd4 4. Nxd4 Bc5 5. Be3 Qf6 6. c3 Qg6 7. Qf3 Ne5
8. Qf4 Bd6 9. Qg5 a6 10. Nf5 Bf8 11. Qf4 d6 12. h3 Ne7 13. Nh4 Qe6 14. Nd2
N7g6 15. Nxg6 hxg6 16. Be2 Be7 17. Qg3 Bd7 18. O-O Bh4 19. Qh2 O-O-O 20. f4
Nc6 21. Bd3 f5 22. Bf2 Bxf2+ 23. Rxf2 d5 24. e5 d4 25. Qg3 dxc3 26. bxc3
Be8 27. Nb3 Qe7 28. Rb1 Bf7 29. Qe3 Bxb3 30. axb3 Rd5 31. Bc4 Rc5 32. Be6+
Kb8 33. b4 Rb5 34. Bc4 Rb6 35. Rd1 Rd8 36. Rfd2 Rxd2 37. Qxd2 a5 38. Qd5
Qh4 39. b5 Ne7 40. Qd8+ Ka7 41. Ra1 1-0

[Event "75th Tata Steel GpC"]
[Site "Wijk aan Zee NED"]
[Date "2013.01.17"]
[Round "5"]
[White "Bitensky,I"]
[Black "Peralta,Fe"]
[Result "0-1"]
[WhiteElo "2400"]
[BlackElo "2617"]
[EventDate "2013.01.12"]

1. e4 c6 2. d3 d5 3. Nd2 g6 4. Ngf3 Bg7 5. d4 dxe4 6. Nxe4 Bf5 7. Ng3 Bg4
8. c3 Nf6 9. Bc4 O-O 10. h3 Bxf3 11. Qxf3 Nbd7 12. O-O e6 13. Bb3 a5 14.
Bc2 a4 15. Bf4 Qb6 16. Rab1 Rfe8 17. Rfe1 Nd5 18. Ne4 Nxf4 19. Qxf4 Rf8 20.
h4 Qd8 21. h5 Nf6 22. hxg6 hxg6 23. Nc5 b5 24. Nd3 Nd5 25. Qg3 a3 26. Ne5
axb2 27. Rxb2 Ra3 28. Bb3 Bxe5 29. dxe5 Kg7 30. Re4 Rh8 31. c4 bxc4 32.
Rxc4 Rh5 33. Rxc6 Qh8 34. Kf1 Rh1+ 35. Ke2 Qh5+ 36. f3 Qh6 37. f4 Nxf4+ 38.
Kf2 Nd3+ 39. Qxd3 Qf4+ 40. Qf3 Qd4+ 41. Qe3 Qxb2+ 42. Rc2 Qxc2+ 43. Bxc2
Rf1+ 0-1

[Event "75th Tata Steel GpC"]
[Site "Wijk aan Zee NED"]
[Date "2013.01.17"]
[Round "5"]
[White "Brunello,S"]
[Black "Goryachkina,A"]
[Result "1-0"]
[WhiteElo "2572"]
[BlackElo "2402"]
[EventDate "2013.01.12"]

1. c4 c5 2. g3 Nc6 3. Bg2 e5 4. Nc3 g6 5. Nf3 Bg7 6. d3 d6 7. Nd2 f5 8. a3
Nge7 9. Rb1 a5 10. Nf1 O-O 11. Bg5 h6 12. Bxe7 Qxe7 13. Ne3 f4 14. Ned5 Qd8
15. Be4 g5 16. e3 fxe3 17. fxe3 Be6 18. Qh5 Bf7 19. Qh3 Bxd5 20. Nxd5 Qc8
21. g4 Qd8 22. Ke2 Ne7 23. Qh5 Nxd5 24. Bxd5+ Kh8 25. h4 gxh4 26. Qxh4 Qb6
27. b3 a4 28. bxa4 Qd8 29. Qxd8 Rfxd8 30. Rxb7 Rxa4 31. Rb3 Kh7 32. g5 Ra7
33. Be4+ Kh8 34. gxh6 Bf6 35. Rg1 Rf8 36. Rf1 Kg8 37. Rxf6 Rxf6 38. Rb8+
Kf7 39. h7 Rxa3 40. Rb7+ 1-0

[Event "75th Tata Steel GpC"]
[Site "Wijk aan Zee NED"]
[Date "2013.01.17"]
[Round "5"]
[White "Schut,L"]
[Black "Swinkels,R"]
[Result "0-1"]
[WhiteElo "2295"]
[BlackElo "2508"]
[EventDate "2013.01.12"]

1. e4 e6 2. d4 d5 3. Nc3 Bb4 4. e5 c5 5. a3 Bxc3+ 6. bxc3 Ne7 7. Qg4 cxd4
8. cxd4 Qc7 9. Bd2 Qxc2 10. Nf3 Qg6 11. Qh3 Qf5 12. g4 Qe4+ 13. Be2 b6 14.
Be3 Ba6 15. Bxa6 Nxa6 16. O-O h5 17. gxh5 Qf5 18. Qg2 Qxh5 19. Rfc1 Kd7 20.
a4 Nb4 21. a5 Nbc6 22. axb6 axb6 23. Rab1 Rab8 24. Rb2 Na5 25. Nd2 Qh3 26.
Qxh3 Rxh3 27. Rcb1 Kc7 28. Kg2 Rhh8 29. Nf3 Nc4 30. Ra2 Nc6 31. Ng5 Rbf8
32. Kg3 Kd7 33. h4 f6 34. exf6 gxf6 35. Nf3 Rb8 36. Rb5 Nd6 37. Rb1 Ne4+
38. Kh3 Nc3 39. Raa1 Nxb1 40. Rxb1 b5 41. Nd2 Rh7 42. Nb3 Rbh8 43. Nc5+ Kd6
44. Rxb5 Rxh4+ 45. Kg2 Nxd4 0-1

[Event "75th Tata Steel GpC"]
[Site "Wijk aan Zee NED"]
[Date "2013.01.17"]
[Round "5"]
[White "Gretarsson,Hj"]
[Black "Klein,Da"]
[Result "0-1"]
[WhiteElo "2516"]
[BlackElo "2445"]
[EventDate "2013.01.12"]

1. d4 Nf6 2. c4 e6 3. Nf3 d5 4. g3 Bb4+ 5. Bd2 Be7 6. Bg2 O-O 7. O-O Nbd7
8. Qc2 c6 9. Bf4 b6 10. Nc3 dxc4 11. Nd2 Nd5 12. Nxc4 Nxf4 13. gxf4 Bb7 14.
Rfd1 Qc7 15. f5 exf5 16. Qxf5 g6 17. Qf3 Rad8 18. Rac1 Bf6 19. Qg3 Qxg3 20.
hxg3 Ba6 21. b3 c5 22. d5 Ne5 23. Ne3 Nd7 24. Rd2 Bg5 25. f4 Bf6 26. Ned1
Rfe8 27. e4 Bd4+ 28. Kh2 Nf6 29. Bf3 h5 30. Rcc2 Kg7 31. Kg2 Bb7 32. b4
Bxc3 33. Rxc3 Nxe4 34. Bxe4 Rxe4 35. bxc5 Rxd5 36. Rxd5 Bxd5 37. Kf2 bxc5
38. Rxc5 Bxa2 39. Ra5 Bb3 40. Nb2 Re7 41. Nd3 Be6 42. Ne5 Rc7 43. Ke3 Rc3+
44. Kf2 Rc2+ 45. Ke3 Ra2 46. Rc5 a5 47. Nc6 a4 48. Ra5 a3 49. Nd4 Bg4 50.
Ke4 Ra1 51. Ke3 Bd1 52. Kd2 a2 53. Ra3 Bg4 54. Nc2 Rg1 55. Rxa2 Rxg3 56.
Ne3 Rf3 57. Ra4 Rf2+ 58. Kd3 Be6 59. Ke4 h4 60. Ra1 h3 61. Rh1 Bc8 0-1

[Event "75th Tata Steel GpC"]
[Site "Wijk aan Zee NED"]
[Date "2013.01.17"]
[Round "5"]
[White "Van der Werf,M"]
[Black "Admiraal,M"]
[Result "1/2-1/2"]
[WhiteElo "2450"]
[BlackElo "2321"]
[EventDate "2013.01.12"]

1. c4 e5 2. Nc3 Nc6 3. g3 g6 4. Bg2 Bg7 5. e4 d6 6. Nge2 h5 7. h4 Bg4 8. f3
Be6 9. d3 Qd7 10. O-O Bh3 11. Nd5 Bxg2 12. Kxg2 Nd4 13. Nxd4 exd4 14. Bd2
c6 15. Nf4 Ne7 16. Qe2 O-O 17. g4 hxg4 18. fxg4 Be5 19. Nh3 f6 20. Qf3 Kg7
21. Rf2 Ng8 22. Kh1 Rf7 23. Raf1 Raf8 24. Nf4 Ne7 25. Nh3 Ng8 26. Rg2 Nh6
27. Bxh6+ Kxh6 28. Nf4 Kg7 29. h5 Bxf4 30. Qxf4 g5 31. Qf2 c5 32. Qg3 Kh6
33. Rgf2 Qe6 34. Rf5 b6 35. Qf2 Kg7 36. Kg2 Kh6 37. Kg3 Qe7 38. Qc2 Qc7 39.
Kg2 Kg7 40. Qd2 Qd8 41. Rd5 Re8 42. Rdf5 Re5 43. R5f3 Qd7 44. Kg3 Qc7 45.
Kh3 Qe7 46. Qf2 Re6 47. Kg3 Qc7 48. Kg2 Qd7 49. Kh3 Qe7 50. b3 Qd7 51. Rf5
Qe7 52. Kg2 Qd7 53. Qf3 Kg8 54. a3 Re5 55. Rf2 Rxf5 56. exf5 Re7 57. Re2
Kg7 58. Kf2 Rxe2+ 59. Qxe2 d5 60. cxd5 Qd6 61. Ke1 Kh6 62. Qf3 b5 63. Kd1
a5 64. Qe4 Qg3 65. Ke2 Qh2+ 66. Kf1 Qh3+ 67. Kf2 Qh2+ 68. Qg2 Qf4+ 69. Qf3
Qh2+ 70. Kf1 a4 71. bxa4 bxa4 72. Qe4 Qg3 73. Qe2 Qh3+ 74. Ke1 Qh1+ 75. Kd2
Qxd5 76. Qe8 Qg2+ 77. Qe2 Qd5 78. Qe8 1/2-1/2

[Event "75th Tata Steel GpC"]
[Site "Wijk aan Zee NED"]
[Date "2013.01.18"]
[Round "6"]
[White "Goryachkina,A"]
[Black "Romanishin,O"]
[Result "1/2-1/2"]
[WhiteElo "2402"]
[BlackElo "2521"]
[EventDate "2013.01.12"]

1. d4 Nf6 2. c4 e6 3. g3 Bb4+ 4. Nd2 a5 5. Bg2 O-O 6. Ngf3 b6 7. a3 Bxd2+
8. Nxd2 d5 9. b3 Bb7 10. O-O Nbd7 11. Bb2 c5 12. dxc5 bxc5 13. Qc2 Rb8 14.
e3 Qb6 15. cxd5 Bxd5 16. Bxf6 Nxf6 17. Rab1 Bxg2 18. Kxg2 h5 19. h4 Rfd8
20. Nc4 Qc6+ 21. Kg1 Qf3 22. Ne5 Qd5 23. Nc4 Qf3 24. Ne5 Qd5 25. Nc4 Qf3
26. Ne5 1/2-1/2

[Event "75th Tata Steel GpC"]
[Site "Wijk aan Zee NED"]
[Date "2013.01.18"]
[Round "6"]
[White "Swinkels,R"]
[Black "Bitensky,I"]
[Result "1/2-1/2"]
[WhiteElo "2508"]
[BlackElo "2400"]
[EventDate "2013.01.12"]

1. d4 Nf6 2. c4 g6 3. Nc3 Bg7 4. e4 d6 5. f3 O-O 6. Be3 e5 7. Nge2 c6 8.
Qd2 Nbd7 9. d5 cxd5 10. cxd5 a6 11. g4 b5 12. Ng3 Nb6 13. h4 Nc4 14. Bxc4
bxc4 15. h5 Rb8 16. O-O-O Qa5 17. Rdg1 Rb7 18. Bh6 Qb6 19. Be3 Qb4 20. Rg2
Nd7 21. Nf5 Nc5 22. Kb1 Bxf5 23. gxf5 Nd3 24. Ka1 Rfb8 25. hxg6 fxg6 26.
fxg6 Qxb2+ 27. Qxb2 Rxb2 28. gxh7+ Kh8 29. Rg6 Rc2 30. Rhg1 Rb7 31. Bh6
Bxh6 32. Rxh6 Rxh7 33. Rxd6 Rhh2 34. Rd8+ Kh7 35. d6 Nc5 36. Rc8 Rxc3 37.
Rxc5 Ra3 38. Rxc4 Rhxa2+ 39. Kb1 Ra1+ 40. Kb2 R3a2+ 41. Kb3 Ra3+ 42. Kb2
1/2-1/2

[Event "75th Tata Steel GpC"]
[Site "Wijk aan Zee NED"]
[Date "2013.01.18"]
[Round "6"]
[White "Admiraal,M"]
[Black "Burg,T"]
[Result "1/2-1/2"]
[WhiteElo "2321"]
[BlackElo "2492"]
[EventDate "2013.01.12"]

1. Nf3 d5 2. d4 Nf6 3. c4 c6 4. e3 Bf5 5. Bd3 Bxd3 6. Qxd3 e6 7. O-O Nbd7
8. Nbd2 Be7 9. e4 O-O 10. b3 a5 11. e5 Ne8 12. cxd5 exd5 13. a4 Nc7 14. Ba3
Bxa3 15. Rxa3 Ne6 16. Rc1 f6 17. Qe3 fxe5 18. dxe5 Qc7 19. Re1 Rae8 20.
Raa1 Rf5 21. Nf1 Ref8 22. Ng3 Rf4 23. Rad1 h6 24. Nd4 Ndc5 25. f3 Nxd4 26.
Rxd4 Ne6 27. Rxf4 Rxf4 28. Ne2 Rb4 29. f4 Re4 30. Qf2 d4 31. Rd1 c5 32. Qf3
Qc6 33. h4 Kh8 34. f5 Nc7 35. f6 gxf6 36. exf6 Re6 37. Qg4 Rxf6 38. Nf4 Qe4
39. Qc8+ Ne8 40. Nd3 Rg6 41. Qh3 Ng7 42. Re1 Qf5 43. Re8+ Kh7 44. Qxf5 Nxf5
45. Nxc5 Ne3 46. Re7+ Kg8 47. Kf2 b6 48. Nd7 Rxg2+ 49. Kf3 Rg6 50. Ke4 Rd6
51. Ne5 Nd1 1/2-1/2

[Event "75th Tata Steel GpC"]
[Site "Wijk aan Zee NED"]
[Date "2013.01.18"]
[Round "6"]
[White "Kovchan,A"]
[Black "Gretarsson,Hj"]
[Result "1/2-1/2"]
[WhiteElo "2579"]
[BlackElo "2516"]
[EventDate "2013.01.12"]

1. e4 c5 2. Nf3 d6 3. d4 cxd4 4. Nxd4 Nf6 5. Nc3 a6 6. Be2 e5 7. Nb3 Be6 8.
O-O Be7 9. Re1 O-O 10. Bf3 Nbd7 11. a4 Rc8 12. Nd2 Re8 13. Nf1 Rc4 14. Ne3
Rd4 15. Qe2 Nc5 16. a5 Qd7 17. Ned5 Bxd5 18. exd5 Rc8 19. g3 Na4 20. Ne4
Nxe4 21. Bxe4 Nc5 22. Bg2 Ra4 23. Bd2 Rxa1 24. Rxa1 Na4 25. b3 Nc3 26. Qe3
Nb5 27. c4 Nd4 28. Qd3 f5 29. Be3 Bf6 30. Bxd4 exd4 31. Re1 g6 32. Re6 Kf7
33. Qe2 Re8 34. g4 fxg4 35. Qxg4 Kg7 36. Be4 Rxe6 37. dxe6 Qc7 38. Bd5 Qxa5
39. Qe4 Qc7 40. Bxb7 d3 41. Kf1 a5 42. Bd5 d2 43. Ke2 Qa7 44. Qf4 a4 45.
bxa4 Qxa4 46. Qxd2 Qa7 47. Qb4 Be7 48. Qb2+ Bf6 49. Qb5 Bh4 50. Qb2+ Bf6
51. Qd2 Qb6 52. Qf4 Qd8 53. Qe3 Qc7 54. Kf1 Qc5 55. Qg3 Qc7 56. h4 Qe7 57.
h5 Bh4 58. Qe3 Qg5 59. f4 Qe7 60. Bf3 Bf6 61. Kg2 Qc7 62. Bd5 Qc5 63. Qh3
gxh5 64. e7 Bxe7 65. Qe6 Qa7 66. Qf7+ Kh6 67. Qe6+ Kg7 68. c5 Bh4 69. Kh3
Qe7 70. Qg8+ Kh6 71. c6 Bf6 72. Bf3 Qe3 73. Qd5 Qc3 74. Qxh5+ Kg7 75. Qg4+
Kh6 76. Qh5+ Kg7 77. Kg4 Qc1 78. Qf5 Qe1 79. Qd7+ Kg6 80. Qf5+ Kg7 81. Qd5
Qe7 82. Be4 Qa7 83. Kf5 Qb8 84. Kg4 Qa7 85. Bg2 Qe7 86. Qb5 Qe6+ 87. f5 Qe3
88. Qb7+ Be7 89. f6+ Kxf6 90. Qb5 1/2-1/2

[Event "75th Tata Steel GpC"]
[Site "Wijk aan Zee NED"]
[Date "2013.01.18"]
[Round "6"]
[White "Klein,Da"]
[Black "Van der Werf,M"]
[Result "1-0"]
[WhiteElo "2445"]
[BlackElo "2450"]
[EventDate "2013.01.12"]

1. e4 e5 2. Nf3 Nc6 3. Nc3 Nf6 4. d4 exd4 5. Nxd4 Bb4 6. Nxc6 bxc6 7. Bd3
O-O 8. O-O d5 9. exd5 cxd5 10. h3 Be7 11. Qf3 c5 12. Bg5 Be6 13. Rad1 Qd7
14. Rfe1 Rab8 15. b3 Rfd8 16. Ne2 Ne8 17. Bxe7 Qxe7 18. Nf4 Nc7 19. Re5 Qf6
20. Rde1 g6 21. Qg3 Rb4 22. c4 dxc4 23. Nh5 Qh8 24. Bxc4 Kf8 25. Rxc5 Bxc4
26. Qxc7 1-0

[Event "75th Tata Steel GpC"]
[Site "Wijk aan Zee NED"]
[Date "2013.01.18"]
[Round "6"]
[White "Peralta,Fe"]
[Black "Mekhitarian,K"]
[Result "1/2-1/2"]
[WhiteElo "2617"]
[BlackElo "2543"]
[EventDate "2013.01.12"]

1. d4 Nf6 2. c4 g6 3. Nc3 d5 4. cxd5 Nxd5 5. e4 Nxc3 6. bxc3 Bg7 7. Nf3 c5
8. Rb1 O-O 9. Be2 cxd4 10. cxd4 Qa5+ 11. Bd2 Qxa2 12. O-O Bg4 13. Bg5 h6
14. Be3 Nc6 15. d5 Ne5 16. Rxb7 a5 17. Rxe7 a4 18. Bd4 Nxf3+ 19. Bxf3 Bxf3
20. gxf3 Bxd4 21. Qxd4 a3 22. Kg2 Qb2 23. Qxb2 axb2 24. Rb7 Rfb8 25. Rxb8+
Rxb8 26. Rb1 Kf8 27. f4 Ke7 28. e5 Rb3 29. Kf1 g5 30. fxg5 hxg5 31. Ke2 g4
32. Kd2 Rb5 33. Ke3 Rxd5 34. Rxb2 Rxe5+ 35. Kf4 Rh5 36. Kxg4 1/2-1/2

[Event "75th Tata Steel GpC"]
[Site "Wijk aan Zee NED"]
[Date "2013.01.18"]
[Round "6"]
[White "Brunello,S"]
[Black "Schut,L"]
[Result "1-0"]
[WhiteElo "2572"]
[BlackElo "2295"]
[EventDate "2013.01.12"]

1. d4 Nf6 2. c4 g6 3. Nc3 d5 4. Nf3 Bg7 5. Qb3 dxc4 6. Qxc4 a6 7. e4 b5 8.
Qb3 c5 9. dxc5 Be6 10. Qc2 Nbd7 11. Be3 Qa5 12. Nd4 Rc8 13. Nxe6 fxe6 14.
Rb1 Ng4 15. b4 Nxe3 16. fxe3 Qc7 17. Ne2 O-O 18. Nd4 Bxd4 19. exd4 Rcd8 20.
g3 Nb8 21. Rd1 Nc6 22. Qc3 Qd7 23. Bh3 Nxd4 24. Rf1 Rf6 25. Rxf6 exf6 26.
Bxe6+ Qxe6 27. Rxd4 Rxd4 28. Qxd4 Kg7 29. Qd5 Qh3 30. Qb7+ Kh6 31. Qxa6
Qxh2 32. Qxb5 Qxg3+ 33. Kd2 Qf2+ 34. Kc3 Qe1+ 35. Kb3 g5 36. Qd3 Qh4 37. b5
1-0

[Event "75th Tata Steel GpC"]
[Site "Wijk aan Zee NED"]
[Date "2013.01.19"]
[Round "7"]
[White "Bitensky,I"]
[Black "Brunello,S"]
[Result "1/2-1/2"]
[WhiteElo "2400"]
[BlackElo "2572"]
[EventDate "2013.01.12"]

1. e4 c6 2. d4 d5 3. f3 e6 4. Nc3 Bb4 5. Bd2 Ne7 6. Nce2 Bxd2+ 7. Qxd2 b6
8. Nf4 Ba6 9. Bxa6 Nxa6 10. Nge2 O-O 11. O-O-O Nc7 12. Rhe1 a5 13. g4 Qd6
14. Nh5 dxe4 15. fxe4 e5 16. Neg3 exd4 17. Nf5 Nxf5 18. exf5 Rfd8 19. f6
Ne6 20. Nxg7 Nxg7 21. Qg5 Qf8 22. Re5 Kh8 23. fxg7+ Qxg7 24. Qf4 1/2-1/2

[Event "75th Tata Steel GpC"]
[Site "Wijk aan Zee NED"]
[Date "2013.01.19"]
[Round "7"]
[White "Schut,L"]
[Black "Goryachkina,A"]
[Result "1/2-1/2"]
[WhiteElo "2295"]
[BlackElo "2402"]
[EventDate "2013.01.12"]

1. e4 c6 2. d4 d5 3. Nc3 dxe4 4. Nxe4 Nd7 5. Bd3 Ngf6 6. Ng5 e6 7. Qe2 Bd6
8. N1f3 h6 9. Ne4 Nxe4 10. Qxe4 Nf6 11. Qh4 Ke7 12. Ne5 Bxe5 13. dxe5 Qa5+
14. c3 Qxe5+ 15. Be3 b6 16. O-O-O Bb7 17. Rhe1 Qc7 18. Bf4 g5 19. Qxg5 hxg5
20. Bxc7 Nd5 21. Be5 f6 22. Bg3 Rad8 23. Be4 e5 24. c4 Nc7 25. Rxd8 Kxd8
26. h4 gxh4 27. Rh1 Ne6 28. Bxh4 Rh6 29. g3 Ke7 30. Kd2 Nd4 31. f4 exf4 32.
gxf4 Ba6 33. b3 c5 34. Bd5 Bc8 35. Bf2 Rxh1 36. Bxh1 Nf5 37. Kc3 a5 38. Be4
Nd6 39. Bg2 Bb7 40. Bxb7 Nxb7 41. Kd3 Nd6 42. a3 Ke6 1/2-1/2

[Event "75th Tata Steel GpC"]
[Site "Wijk aan Zee NED"]
[Date "2013.01.19"]
[Round "7"]
[White "Mekhitarian,K"]
[Black "Swinkels,R"]
[Result "1/2-1/2"]
[WhiteElo "2543"]
[BlackElo "2508"]
[EventDate "2013.01.12"]

1. e4 e5 2. Nf3 Nc6 3. Bb5 Nf6 4. O-O Nxe4 5. d4 Nd6 6. Bxc6 dxc6 7. dxe5
Nf5 8. Qxd8+ Kxd8 9. Rd1+ Ke8 10. Nc3 Ne7 11. Nd4 Ng6 12. Ne4 Be7 13. Ng3
Nxe5 14. Re1 Ng6 15. Ngf5 Bxf5 16. Nxf5 Kd7 17. Nxg7 Rad8 18. Kf1 h5 19.
Nf5 Bf6 20. Ng3 Kc8 21. Ne4 Bg7 22. Rb1 Rd5 23. Bd2 c5 24. c4 Rf5 25. Ng3
Re5 26. b3 Rd8 27. Red1 h4 28. Ne2 Rf5 29. Bc3 Bh6 30. Rxd8+ Kxd8 31. g4
hxg3 32. hxg3 Ne5 33. Rd1+ Ke7 34. Rd5 Ke6 35. Rxc5 Rxf2+ 36. Kxf2 Nd3+ 37.
Kf3 Nxc5 38. Bd4 Nd3 39. Ke4 Nb4 40. Bxa7 Nxa2 41. g4 Nc1 42. Nd4+ Kd7 43.
Bc5 Bg7 44. Ba3 Bxd4 45. Bxc1 Bc3 46. Bf4 c6 47. Be5 Be1 48. Kf5 Ke8 49.
Bf4 Bc3 50. Be5 Be1 1/2-1/2

[Event "75th Tata Steel GpC"]
[Site "Wijk aan Zee NED"]
[Date "2013.01.19"]
[Round "7"]
[White "Burg,T"]
[Black "Klein,Da"]
[Result "1/2-1/2"]
[WhiteElo "2492"]
[BlackElo "2445"]
[EventDate "2013.01.12"]

1. e4 e5 2. Nf3 Nc6 3. Bc4 Bc5 4. O-O d6 5. c3 Nf6 6. d3 a6 7. Bb3 Ba7 8.
Nbd2 O-O 9. h3 h6 10. Re1 Re8 11. Nf1 Be6 12. Ng3 d5 13. Qe2 Qd7 14. Be3
Bxe3 15. Qxe3 Rad8 16. Rad1 Qe7 17. Qe2 dxe4 18. dxe4 Bxb3 19. axb3 Qe6 20.
Rxd8 Rxd8 21. Rd1 Rxd1+ 22. Qxd1 Qd7 23. Qd2 Kf8 24. Kf1 Qe6 25. Qd1 g6 26.
Nd2 Kg7 27. Nc4 h5 1/2-1/2

[Event "75th Tata Steel GpC"]
[Site "Wijk aan Zee NED"]
[Date "2013.01.19"]
[Round "7"]
[White "Gretarsson,Hj"]
[Black "Peralta,Fe"]
[Result "0-1"]
[WhiteElo "2516"]
[BlackElo "2617"]
[EventDate "2013.01.12"]

1. d4 Nf6 2. c4 e6 3. Nf3 d5 4. Nc3 c5 5. cxd5 cxd4 6. Nxd4 Nxd5 7. Bd2 Be7
8. e4 Nb4 9. Be3 O-O 10. Be2 N8c6 11. O-O Nxd4 12. Bxd4 Nc6 13. Be3 Qa5 14.
Qb3 Bc5 15. Bxc5 Qxc5 16. Rfd1 e5 17. Rac1 Nd4 18. Qc4 Qe7 19. Bf1 Be6 20.
Qa4 Rfd8 21. Nb5 Bg4 22. Rd3 Bd7 23. Qa3 Qg5 24. Nxd4 Qxc1 25. Ne2 Qg5 26.
Qc5 b6 27. Qc7 Bb5 28. Rxd8+ Rxd8 0-1

[Event "75th Tata Steel GpC"]
[Site "Wijk aan Zee NED"]
[Date "2013.01.19"]
[Round "7"]
[White "Van der Werf,M"]
[Black "Kovchan,A"]
[Result "1/2-1/2"]
[WhiteElo "2450"]
[BlackElo "2579"]
[EventDate "2013.01.12"]

1. Nf3 Nf6 2. c4 g6 3. Nc3 d5 4. cxd5 Nxd5 5. g3 Bg7 6. Bg2 c5 7. O-O Nc6
8. Nxd5 Qxd5 9. d3 O-O 10. Be3 Bxb2 11. Rb1 Bf6 12. Qa4 Qd7 13. Rfc1 b6 14.
Nd2 Bb7 15. Nb3 Rab8 16. Bxc5 Rfc8 17. Be3 Ba8 18. Nd2 Rc7 19. Ne4 Bd4 20.
Bf4 Be5 21. Bxe5 Nxe5 22. Qxd7 Rxd7 23. Nc5 Rd6 24. Na6 Rbd8 25. Bxa8 Rxa8
26. Rc7 Kf8 27. Rbc1 b5 28. Nc5 Ke8 29. Ne4 Rb6 30. Nc3 Rd8 31. f4 Ng4 32.
e4 e6 33. e5 f5 34. Rxh7 Rc6 35. Ne2 Rxc1+ 36. Nxc1 Rc8 37. Rh8+ Kd7 38.
Rxc8 Kxc8 39. Nb3 Ne3 40. Nd4 b4 41. Nxe6 Nd1 42. Nc5 Nc3 43. Kf1 a5 44. e6
Kd8 45. Nb7+ Ke7 46. Nxa5 Kxe6 47. Ke1 Nxa2 48. Kd2 Kd5 49. Kc2 Kc5 50. Nc4
Kb5 51. h3 Nc3 52. g4 fxg4 53. hxg4 Ne2 54. f5 gxf5 55. gxf5 1/2-1/2

[Event "75th Tata Steel GpC"]
[Site "Wijk aan Zee NED"]
[Date "2013.01.19"]
[Round "7"]
[White "Romanishin,O"]
[Black "Admiraal,M"]
[Result "1-0"]
[WhiteElo "2521"]
[BlackElo "2321"]
[EventDate "2013.01.12"]

1. Nf3 Nf6 2. d4 e6 3. g3 b6 4. Bg2 Bb7 5. c4 Be7 6. Nc3 O-O 7. d5 Bb4 8.
Bd2 Na6 9. O-O Nc5 10. Nh4 Re8 11. Rc1 d6 12. a3 Bxc3 13. Bxc3 exd5 14.
cxd5 Nce4 15. Nf5 Nxd5 16. Bd4 Ndf6 17. Bxf6 Qxf6 18. Rxc7 Nc3 19. Rxc3
Bxg2 20. Nxg7 Bxf1 21. Nxe8 Rxe8 22. Kxf1 Re6 23. Qd5 Qe5 24. Qd3 d5 25.
Rc2 Kg7 26. Rd2 Rd6 27. Qd4 Qxd4 28. Rxd4 Rc6 29. Rxd5 Rc1+ 30. Kg2 Rc2 31.
b4 Ra2 32. Rd3 Rxe2 33. Rd7 a5 34. bxa5 bxa5 35. Rd5 Ra2 36. Rxa5 h6 37. h4
Ra1 38. g4 Ra2 39. Kg3 Ra1 40. f3 Ra2 41. Kf4 Rh2 42. h5 Ra2 43. Kf5 Ra1
44. f4 Ra2 45. a4 Ra1 46. Ra7 Ra2 47. g5 Rh2 48. Kg4 hxg5 49. fxg5 1-0

[Event "75th Tata Steel GpC"]
[Site "Wijk aan Zee NED"]
[Date "2013.01.20"]
[Round "8"]
[White "Swinkels,R"]
[Black "Gretarsson,Hj"]
[Result "1/2-1/2"]
[WhiteElo "2508"]
[BlackElo "2516"]
[EventDate "2013.01.12"]

1. Nf3 Nf6 2. c4 e6 3. g3 d5 4. Bg2 dxc4 5. Qa4+ Nbd7 6. Qxc4 a6 7. Qc2 c5
8. Nc3 Qc7 9. d4 b5 10. Bf4 Bd6 11. Bxd6 Qxd6 12. dxc5 Qxc5 13. Nd4 Rb8 14.
Nb3 Qc7 15. Rc1 Bb7 16. O-O Bxg2 17. Kxg2 O-O 18. Nb1 Qe5 19. Rfe1 Nb6 20.
Qc3 Qd5+ 21. Qf3 Nc4 22. Qxd5 Nxd5 23. Nc5 Rfc8 24. Nd3 Nd6 25. Nd2 1/2-1/2

[Event "75th Tata Steel GpC"]
[Site "Wijk aan Zee NED"]
[Date "2013.01.20"]
[Round "8"]
[White "Klein,Da"]
[Black "Romanishin,O"]
[Result "1-0"]
[WhiteElo "2445"]
[BlackElo "2521"]
[EventDate "2013.01.12"]

1. e4 e5 2. Nf3 Nc6 3. d4 exd4 4. Nxd4 Bc5 5. Nb3 Bb4+ 6. c3 Be7 7. f4 d6
8. Bd3 d5 9. e5 Nh6 10. Qc2 g6 11. Be3 a5 12. a4 Bf5 13. N1d2 O-O 14. Nf3
Qd7 15. O-O Rad8 16. h3 Bxd3 17. Qxd3 Nf5 18. Bf2 h5 19. Rae1 Ng7 20. Nc5
Bxc5 21. Bxc5 Rfe8 22. Bf2 Ne7 23. Bh4 Qxa4 24. e6 f5 25. Ne5 Rd6 26. Nd7
Nxe6 27. Nf6+ Kf7 28. Nxe8 Qxe8 29. Re5 Qc6 30. Rfe1 Qb6+ 31. Bf2 Qa6 32.
Qf3 Qc6 33. Bd4 Qd7 34. g4 Nc6 35. gxf5 Nexd4 36. cxd4 gxf5 37. R5e3 Rg6+
38. Kh1 Qd6 39. Qxh5 Qxf4 40. Rf3 Qxd4 41. Qh7+ Kf6 42. Qh8+ 1-0

[Event "75th Tata Steel GpC"]
[Site "Wijk aan Zee NED"]
[Date "2013.01.20"]
[Round "8"]
[White "Brunello,S"]
[Black "Mekhitarian,K"]
[Result "1-0"]
[WhiteElo "2572"]
[BlackElo "2543"]
[EventDate "2013.01.12"]

1. d4 d5 2. c4 e6 3. Nf3 c5 4. cxd5 exd5 5. Nc3 Nc6 6. g3 Nf6 7. Bg2 Be7 8.
O-O O-O 9. dxc5 Bxc5 10. a3 Bb6 11. b4 Re8 12. Bb2 a6 13. Rc1 Ba7 14. Na4
Ne4 15. Nc5 Bxc5 16. bxc5 Be6 17. Nd4 Bd7 18. Nc2 Be6 19. Nb4 Rc8 20. Qd3
Ne7 21. Bxe4 dxe4 22. Qxe4 Nc6 23. Qf4 Qe7 24. e4 Nxb4 25. axb4 Rcd8 26.
Rfd1 f6 27. Rd6 Bc8 28. f3 Qf7 29. Qd2 Rd7 30. Rd1 Red8 31. Qc3 h6 32. R1d5
Rxd6 33. cxd6 Be6 34. Rd2 Rc8 35. Qe3 Bd7 36. g4 Qc4 37. e5 Bb5 38. Kf2
fxe5 39. Qxe5 Qf7 40. Kg3 Bc6 41. Rd3 Rf8 42. h4 Re8 43. Qd4 Bb5 44. Rc3
Bc6 45. h5 Qd7 46. Rd3 Re2 47. Qxg7+ Qxg7 48. Bxg7 Kxg7 49. d7 Bxd7 50.
Rxd7+ Kg8 51. Rxb7 Re6 52. Kf4 1-0

[Event "75th Tata Steel GpC"]
[Site "Wijk aan Zee NED"]
[Date "2013.01.20"]
[Round "8"]
[White "Peralta,Fe"]
[Black "Van der Werf,M"]
[Result "1/2-1/2"]
[WhiteElo "2617"]
[BlackElo "2450"]
[EventDate "2013.01.12"]

1. d4 Nf6 2. c4 e6 3. Nc3 Bb4 4. e3 O-O 5. Bd3 c5 6. Nf3 d5 7. O-O dxc4 8.
Bxc4 Nbd7 9. Qe2 b6 10. Rd1 cxd4 11. exd4 Bb7 12. Bd3 Rc8 13. Bd2 Bxc3 14.
bxc3 Qc7 15. Re1 Nd5 16. Qe4 N5f6 17. Qh4 Bxf3 18. gxf3 Rfe8 19. Qg3 Nf8
20. Qxc7 Rxc7 21. a4 Ng6 22. a5 Nh4 23. Be2 Nd5 24. axb6 Nxb6 25. Kf1 Nf5
26. Ra3 Ree7 27. Rea1 h6 28. Bd3 Red7 29. Bf4 Rc8 30. Ba6 Ra8 31. Bb5 Re7
32. Bd3 Rc8 33. Bd2 Rcc7 34. Bf4 Rc8 35. Bd2 Rcc7 36. Rb3 Rc8 37. Ba6 Rd8
38. Bd3 Rc8 39. Ra6 Nd6 40. Bf4 Ndc4 41. h4 f5 42. Bc1 Kf7 43. Kg2 1/2-1/2